Ẩn dụ về con người trong ca dao Việt Nam dưới góc nhìn văn hóa /
Kaydedildi:
| Yazar: | |
|---|---|
| Materyal Türü: | Makale |
| Dil: | Vietnamese |
| Konular: | |
| Etiketler: |
Etiketle
Etiket eklenmemiş, İlk siz ekleyin!
|
| Thư viện lưu trữ: | Thư viện Trường Đại học Đà Lạt |
|---|
| LEADER | 00813nam a2200265 4500 | ||
|---|---|---|---|
| 001 | DLU200195046 | ||
| 005 | ##20200929 | ||
| 040 | # | # | |a DLU |b vie |
| 041 | # | # | |a vie |
| 044 | # | # | |a vn |
| 100 | # | # | |a Trần Thị Minh Thu, |c ThS.NCS. |
| 245 | # | # | |a Ẩn dụ về con người trong ca dao Việt Nam dưới góc nhìn văn hóa / |c Trần Thị Minh Thu. |
| 653 | # | # | |a Ẩn dụ |
| 653 | # | # | |a Ca dao Việt Nam |
| 653 | # | # | |a Góc nhìn văn hóa |
| 773 | # | # | |t Tạp chí Ngôn ngữ và đời sống |g Số 4, 2015, tr. 97-100 |
| 920 | # | # | |a Phòng Tạp chí -- Trung tâm Thông tin - Thư viện Trường Đại học Đà Lạt |
| 994 | # | # | |a DLU |
| 900 | # | # | |a True |
| 911 | # | # | |a Trần Thị Minh Hương |
| 925 | # | # | |a G |
| 926 | # | # | |a A |
| 927 | # | # | |a BB |
| 980 | # | # | |a Thư viện Trường Đại học Đà Lạt |